000 00801nam a2200217 a 4500
001 000023228
005 20250513114214.0
008 101130s1969 ag r 000 0 spa d
040 _aDO-SdBNP
_bspa
_cBNPHU
082 _a306.43
_bI32c
100 1 _aImhoff, M. M.
_947824
245 1 0 _aCambio y educación /
_cM. M. Imhoff [et. al.] ; supervisión Jaime Bernstein.
260 _aBuenos Aires, Argentina :
_bCentro Regional de Ayuda Técnica :
_bAgencia Para el Desarrollo Internaciona,
_c1969.
300 _a173 p. ;
_c19 cm.
500 _aIncluye bibliografía p. [169-173].
534 _aTeacher´s Encyclopedia
650 4 _aSociología de la educación
_97856
650 0 _aInnovaciones educativas
_917115
650 4 _aEducación
_xAspectos sociales
_936332
700 1 _aBernstein, Jaime
_947825
999 _c22725
_d22725